<?xml version="1.0" encoding="UTF-8"?>
<collection xmlns="http://www.loc.gov/MARC21/slim">
 <record>
  <leader>01065cam a22003015i 4500</leader>
  <controlfield tag="001">AAL8186</controlfield>
  <controlfield tag="003">BD-DhAAL</controlfield>
  <controlfield tag="005">20161002102451.0</controlfield>
  <controlfield tag="008">161002s2015    bg       b    000 0 eng  </controlfield>
  <datafield tag="010" ind1=" " ind2=" ">
   <subfield code="a">  2016310356</subfield>
  </datafield>
  <datafield tag="020" ind1=" " ind2=" ">
   <subfield code="a">9789845041843</subfield>
  </datafield>
  <datafield tag="025" ind1=" " ind2=" ">
   <subfield code="a">B-E-2016310356; 22-91</subfield>
  </datafield>
  <datafield tag="037" ind1=" " ind2=" ">
   <subfield code="b">Library of Congress -- New Delhi Overseas Office</subfield>
  </datafield>
  <datafield tag="040" ind1=" " ind2=" ">
   <subfield code="a">DLC</subfield>
   <subfield code="b">eng</subfield>
   <subfield code="e">rda</subfield>
   <subfield code="c">DLC</subfield>
   <subfield code="d">DLC</subfield>
   <subfield code="d">DLC</subfield>
   <subfield code="d">BD-DhAAL</subfield>
  </datafield>
  <datafield tag="082" ind1=" " ind2=" ">
   <subfield code="a">428.2</subfield>
  </datafield>
  <datafield tag="100" ind1="1" ind2=" ">
   <subfield code="a">Billah, Masum</subfield>
   <subfield code="c">(English teacher),</subfield>
   <subfield code="e">author.</subfield>
   <subfield code="9">20487</subfield>
  </datafield>
  <datafield tag="245" ind1="1" ind2="0">
   <subfield code="a">CLT &amp; ELT in Bangladeshi context /</subfield>
   <subfield code="c">Masum Billah.</subfield>
  </datafield>
  <datafield tag="246" ind1="3" ind2=" ">
   <subfield code="a">CLT and ELT in Bangladeshi context</subfield>
  </datafield>
  <datafield tag="250" ind1=" " ind2=" ">
   <subfield code="a">Revised edition.</subfield>
  </datafield>
  <datafield tag="264" ind1=" " ind2="1">
   <subfield code="a">Dhaka :</subfield>
   <subfield code="b">Murdhonno,</subfield>
   <subfield code="c">2015.</subfield>
  </datafield>
  <datafield tag="300" ind1=" " ind2=" ">
   <subfield code="a">223 p. ;</subfield>
   <subfield code="c">22 cm</subfield>
  </datafield>
  <datafield tag="504" ind1=" " ind2=" ">
   <subfield code="a">Includes bibliographical references.</subfield>
  </datafield>
  <datafield tag="541" ind1=" " ind2=" ">
   <subfield code="e">8186</subfield>
  </datafield>
  <datafield tag="650" ind1=" " ind2=" ">
   <subfield code="a"> English language </subfield>
   <subfield code="x">Grammar</subfield>
   <subfield code="9">20488</subfield>
  </datafield>
  <datafield tag="852" ind1=" " ind2=" ">
   <subfield code="a">Savar Campus Library</subfield>
   <subfield code="c">General Shelf</subfield>
  </datafield>
  <datafield tag="942" ind1=" " ind2=" ">
   <subfield code="2">ddc</subfield>
   <subfield code="c">BK</subfield>
  </datafield>
  <datafield tag="999" ind1=" " ind2=" ">
   <subfield code="c">37840</subfield>
   <subfield code="d">37840</subfield>
  </datafield>
  <datafield tag="952" ind1=" " ind2=" ">
   <subfield code="0">0</subfield>
   <subfield code="1">0</subfield>
   <subfield code="2">ddc</subfield>
   <subfield code="4">0</subfield>
   <subfield code="6">428_200000000000000_BIL</subfield>
   <subfield code="7">0</subfield>
   <subfield code="9">59662</subfield>
   <subfield code="a">SCL</subfield>
   <subfield code="b">SCL</subfield>
   <subfield code="c">GEN</subfield>
   <subfield code="d">2016-10-02</subfield>
   <subfield code="g">350.00</subfield>
   <subfield code="l">0</subfield>
   <subfield code="o">428.2 BIL</subfield>
   <subfield code="p">3020008186</subfield>
   <subfield code="r">2016-10-02</subfield>
   <subfield code="t">1</subfield>
   <subfield code="w">2016-10-02</subfield>
   <subfield code="y">BK</subfield>
  </datafield>
 </record>
</collection>
